Parhaan miespääosan Jussi-palkinnon voittajat - Statistics

Yleistilastot
  • Tätä visaa on pelattu 54 kertaa
    27 viimeisimmän päivityksen jälkeen
  • Keskiarvotulos 25 / 76
Vastaustilastot
Näyttelijä % Oikein
Vesa-Matti Loiri
100%
Vesa-Matti Loiri
100%
Tauno Palo
91%
Tauno Palo
91%
Tauno Palo
91%
Peter Franzén
82%
Eero Aho
77%
Eero Aho
77%
Pertti Palo
68%
Martti Suosalo
64%
Martti Suosalo
64%
Antti Litja
55%
Antti Litja
55%
Juha Veijonen
55%
Matti Pellonpää
55%
Mikko Leppilampi
55%
Tommi Korpela
55%
Tommi Korpela
55%
Tommi Korpela
55%
Taneli Mäkelä
50%
Toivo Mäkelä
45%
Janne Virtanen
41%
Heikki Nousiainen
36%
Jussi Jurkka
36%
Ville Virtanen
36%
Joel Rinne
32%
Joel Rinne
32%
Kari Väänänen
32%
Mikko Niskanen
32%
Pertti Koivula
32%
Sakari Jurkka
32%
Eero Melasniemi
27%
Eero Ritala
27%
Hannu-Pekka Björkman
27%
Hannu-Pekka Björkman
27%
Kalevi Kahra
27%
Kari Heiskanen
27%
Lasse Pöysti
27%
Lasse Pöysti
27%
Lasse Pöysti
27%
Matti Tapio
27%
Pekka Strang
27%
Janne Reinikainen
23%
Paavo Liski
23%
Risto Tuorila
23%
Sulevi Peltola
23%
Hannes Häyrinen
18%
Hannu Kivioja
18%
Hannu Lauri
18%
Hannu Lauri
18%
Joonas Saartamo
18%
Kari Sorvali
18%
Martti Kainulainen
18%
Martti Kainulainen
18%
Rauli Tuomi
18%
Rauli Tuomi
18%
Aimo Saukko
14%
Heimo Lepistö
14%
Helge Herala
14%
Leif Wager
14%
Martti Katajisto
14%
Matti Oravisto
14%
Pekka Autiovuori
14%
Erkki Pajala
9%
Jarkko Lahti
9%
Kaarlo Halttunen
9%
Silu Seppälä
9%
Holger Salin
5%
Jorma Tommila
5%
Jukka Sipilä
5%
Paavo Pentikäinen
5%
Paavo Pentikäinen
5%
Shabab Hosseini
5%
Vilho Siivola
5%
Martti Pennanen
0%
Petri Poikolainen
0%
Ehtoja vastaavia visoja ei löytynyt
Tulosjakauma
Jokaisen tuloksen saaneiden osuus
Persentiili vastausten määrän mukaan
Tuloshistoriasi
Et ole pelannut tätä visaa sen viimeisimmän päivityksen jälkeen